| Tag |
First Indicator |
Second Indicator |
Subfields |
| LEADER |
00000cam a2200000 a 4500 |
| 001 |
in00000075701 |
| 005 |
20240620155426.9 |
| 008 |
770817s1976 dcu b 000 0 eng d |
| 035 |
|
|
|a (OCoLC)03196218
|
| 035 |
|
|
|9 AAH8298AM
|
| 040 |
|
|
|a MND
|c MND
|d TXA
|d UtOrBLW
|
| 049 |
|
|
|a TXAM
|c [1653428]
|
| 090 |
|
|
|a HQ1206
|b .S7
|
| 100 |
1 |
|
|a Steel, Catherine M.
|
| 245 |
1 |
0 |
|a Leader's guide to "Improving personal relationships :
|b part one, Assertion issues for high school women" and "Improving personal relationships, part two, Assertion issues for high school women in relating to men /
|c Catherine M. Steel, Janice M. Hochman.
|
| 264 |
|
1 |
|a Washington, D.C. :
|b American Personnel and Guidance Association,
|c [1976]
|
| 264 |
|
4 |
|c ©1976
|
| 300 |
|
|
|a v, 31 pages ;
|c 28 cm.
|
| 336 |
|
|
|a text
|b txt
|2 rdacontent
|
| 337 |
|
|
|a unmediated
|b n
|2 rdamedia
|
| 338 |
|
|
|a volume
|b nc
|2 rdacarrier
|
| 500 |
|
|
|a Cover title.
|
| 504 |
|
|
|a Bibliography: page 31.
|
| 650 |
|
0 |
|a Women
|x Psychology.
|
| 650 |
|
0 |
|a Assertiveness (Psychology)
|
| 700 |
1 |
|
|a Hochman, Janice M.
|
| 740 |
0 |
|
|a Improving personal relationships, part one: Assertion issues for high school women
|
| 740 |
0 |
|
|a Improving personal relationships, part two ; Assertion issues for high school women in relating to men.
|
| 999 |
|
|
|a MARS
|
| 999 |
f |
f |
|s 6ad57f63-181f-3f25-aef1-c7b50a1cbaac
|i a3d1c05e-2634-3c3d-abd5-e8c2b62bb782
|t 0
|
| 952 |
f |
f |
|p ric
|a Texas A&M University
|b Rellis Campus
|c Joint Library Facility
|d Remote Storage
|t 0
|e HQ1206 .S7
|h Library of Congress classification
|i unmediated -- volume
|m A14806143269
|
| 998 |
f |
f |
|a HQ1206 .S7
|t 0
|l Remote Storage
|